Tennis - Joueuses ayant battu Iga Swiatek au moins 2 fois - Statistiques

Statistiques générales
  • Ce quiz a été pris 84 fois
    23 depuis la dernière actualisation
  • Le résultat moyen est 14 sur 18
Statistiques - réponses
Nationalité Joueuses Nombre de victoires Année de la dernière victoire % Correct
Biélorussie Aryna Sabalenka 5 2025
100%
Etats-Unis Coco Gauff 5 2026
100%
Kazakhstan Elena Rybakina 6 2026
100%
Ukraine Elina Svitolina 3 2026
100%
Etats-Unis Jessica Pegula 5 2025
100%
Suisse Belinda Bencic 2 2026
95%
Lettonie Jelena Ostapenko 6 2025
95%
Grèce Maria Sakkari 4 2026
95%
Russie Mirra Andreeva 3 2026
95%
Tunisie Ons Jabeur 2 2021
89%
Roumanie Simona Halep 2 2021
89%
Etats-Unis Madison Keys 2 2025
79%
Etats-Unis Amanda Anisimova 2 2025
68%
Australie Ashleigh Barty 2 2022
68%
République Tchèque Barbora Krejcikova 2 2023
47%
Estonie Anett Kontaveit 2 2020
37%
Russie Ekaterina Alexandrova 2 2024
37%
Etats-Unis Danielle Collins 2 2025
21%
Aucun quiz correspondant
Distribution des résultats
% des personnes avec chaque résultat
Percentile par nombre de réponses
Votre historique - résultats
Vous n’avez pas pris ce quiz depuis la dernière actualisation